Energetická politika Slovenskej republiky prehľad 1997

Enregistré dans:
Détails bibliographiques
Collectivité auteur: OECD. International Energy Agency
Format: Livre
Langue:slovaque
Publié: Paris OECD 1998
Sujets:
Tags: Ajouter un tag
Pas de tags, Soyez le premier à ajouter un tag!

MARC

LEADER 00000nam a2200000 4500
001 c104688
005 20221109093417.2
041 0 |a slo 
044 |a SK 
245 1 0 |a Energetická politika Slovenskej republiky  |b prehľad 1997 
264 1 |a Paris  |b OECD  |c 1998 
300 |a 178 s. 
610 2 0 |a energia 
610 2 0 |a ekológia 
610 2 0 |a ekonómia 
610 2 0 |a efektívnosť 
610 2 0 |a 1997 
610 2 0 |a Slovensko 
610 2 0 |a energetika 
710 2 |a OECD. International Energy Agency